| 000 -LEADER |
| fixed length control field |
03480nam a22005297a 4500 |
| 001 - CONTROL NUMBER |
| control field |
861650889 |
| 003 - CONTROL NUMBER IDENTIFIER |
| control field |
OCoLC |
| 005 - DATE AND TIME OF LATEST TRANSACTION |
| control field |
20210419071325.0 |
| 006 - FIXED-LENGTH DATA ELEMENTS--ADDITIONAL MATERIAL CHARACTERISTICS |
| fixed length control field |
m o d |
| 007 - PHYSICAL DESCRIPTION FIXED FIELD--GENERAL INFORMATION |
| fixed length control field |
cr cn|---uuuuu |
| 008 - FIXED-LENGTH DATA ELEMENTS--GENERAL INFORMATION |
| fixed length control field |
131028s2014 paua o 000 0 eng d |
| 020 ## - INTERNATIONAL STANDARD BOOK NUMBER |
| Canceled/invalid ISBN |
9780702047473 |
| 020 ## - INTERNATIONAL STANDARD BOOK NUMBER |
| Canceled/invalid ISBN |
0702047473 |
| 020 ## - INTERNATIONAL STANDARD BOOK NUMBER |
| Canceled/invalid ISBN |
9780702047466 (International edition) |
| 020 ## - INTERNATIONAL STANDARD BOOK NUMBER |
| Canceled/invalid ISBN |
0702047465 (International edition) |
| 020 ## - INTERNATIONAL STANDARD BOOK NUMBER |
| International Standard Book Number |
9780702054884 (electronic bk.) |
| 020 ## - INTERNATIONAL STANDARD BOOK NUMBER |
| International Standard Book Number |
0702054887 (electronic bk.) |
| 035 ## - SYSTEM CONTROL NUMBER |
| System control number |
(OCoLC)861650889 |
| Canceled/invalid control number |
(OCoLC)865017606 |
| 040 ## - CATALOGING SOURCE |
| Original cataloging agency |
BUF |
| Language of cataloging |
eng |
| Description conventions |
rda |
| -- |
pn |
| Transcribing agency |
BUF |
| Modifying agency |
OPELS |
| -- |
WAU |
| -- |
OPELS |
| -- |
YDXCP |
| -- |
N$T |
| -- |
E7B |
| 049 ## - LOCAL HOLDINGS (OCLC) |
| Holding library |
YYEA |
| -- |
VZYM |
| 080 ## - UNIVERSAL DECIMAL CLASSIFICATION NUMBER |
| Universal Decimal Classification number |
616-018 |
| Item number |
Y-70 |
| 096 ## - LOCALLY ASSIGNED NLM-TYPE CALL NUMBER (OCLC) |
| Classification number |
QS 517 W556 2014 |
| 100 1# - MAIN ENTRY--PERSONAL NAME |
| Personal name |
Young, Barbara |
| Titles and words associated with a name |
(Pathologist) |
| 245 10 - TITLE STATEMENT |
| Title |
Wheater's functional histology : |
| Remainder of title |
a text and colour atlas. |
| 246 3# - VARYING FORM OF TITLE |
| Title proper/short title |
Functional histology. |
| 250 ## - EDITION STATEMENT |
| Edition statement |
6th ed. / |
| Remainder of edition statement |
Barbara Young, Geraldine O'Dowd, Phillip Woodford. |
| 260 ## - PUBLICATION, DISTRIBUTION, ETC. |
| Place of publication, distribution, etc. |
Philadelphia, PA : |
| Name of publisher, distributor, etc. |
Churchill Livingston/Elsevier, |
| Date of publication, distribution, etc. |
[2014] |
| 300 ## - PHYSICAL DESCRIPTION |
| Extent |
(ix, 452 pages) : |
| Other physical details |
illustrations (chiefly color) |
| 365 ## - TRADE PRICE |
| Price amount |
54.77 usd |
| 500 ## - GENERAL NOTE |
| General note |
Preceded by: Wheater's functional histology / Barbara Young [and others]. 5th ed. 2006. |
| 500 ## - GENERAL NOTE |
| General note |
EINSTEIN & MMC: available online via Clinical Key. See Reference staff for assistance. |
| 505 0# - FORMATTED CONTENTS NOTE |
| Formatted contents note |
Cell structure and function -- Cell cycle and replication -- Blood, haematopoiesis and bone marrow -- Supporting/connective tissues -- Epithelial tissues -- Muscle -- Nervous tissues -- Circulatory system -- Skin -- Skeletal tissues -- Immune system -- Respiratory system -- Oral tissues -- Gastrointestinal tract -- Liver and pancreas -- Urinary system -- Endocrine system -- Male reproductive system -- Female reproductive system -- Central nervous system -- Special sense organs. |
| 520 ## - SUMMARY, ETC. |
| Summary, etc. |
Take a simple approach to understanding the fundamentals with Wheater's Functional Histology. Offering concise text accompanied by hundreds of captions and images of histology slides, this best-selling textbook will equip you with all the must-know histology information you need to complete your courses and ace your exams. Recognize the microscopic structure of normal human tissues and how it relates to function with the help of over 900 high-quality histology images and illustrations.Master how to apply histology in a clinical context through coverage of common clinical conditions in each chapter.Access the entire contents online at Student Consult, including all of the images, a virtual histolab, and USMLE-style self-assessment questions and rationales. |
| 588 ## - SOURCE OF DESCRIPTION NOTE |
| Source of description note |
Description based on print version record. |
| 590 ## - LOCAL NOTE (RLIN) |
| Local note |
c.1 10067632 Ritt 2/25/14 $82.95. |
| 650 #2 - SUBJECT ADDED ENTRY--TOPICAL TERM |
| Topical term or geographic name entry element |
Histology |
| Form subdivision |
Atlases. |
| 653 ## - INDEX TERM--UNCONTROLLED |
| Uncontrolled term |
ჰისტოლოგია |
| 653 ## - INDEX TERM--UNCONTROLLED |
| Uncontrolled term |
ატლასი |
| 655 #7 - INDEX TERM--GENRE/FORM |
| Genre/form data or focus term |
Electronic books. |
| 700 1# - ADDED ENTRY--PERSONAL NAME |
| Personal name |
O'Dowd, Geraldine. |
| 700 1# - ADDED ENTRY--PERSONAL NAME |
| Personal name |
Woodford, Phillip. |
| 710 2# - ADDED ENTRY--CORPORATE NAME |
| Corporate name or jurisdiction name as entry element |
Clinical Key (Online Service) |
| 776 08 - ADDITIONAL PHYSICAL FORM ENTRY |
| Relationship information |
Print version: |
| Main entry heading |
Young, Barbara (Pathologist), |
| Title |
Wheater's functional histology. |
| Edition |
Sixth edition |
| International Standard Book Number |
9780702047473 |
| Record control number |
(DLC) 2013036824 |
| -- |
(OCoLC)858649970. |
| 856 40 - ELECTRONIC LOCATION AND ACCESS |
| Materials specified |
ClinicalKey |
| Uniform Resource Identifier |
<a href="https://elibrary.einsteinmed.org/login?url=https://www.clinicalkey.com/dura/browse/bookChapter/3-s2.0-C20090600258">https://elibrary.einsteinmed.org/login?url=https://www.clinicalkey.com/dura/browse/bookChapter/3-s2.0-C20090600258</a> |
| Public note |
EINSTEIN: Clinical Key ebook collection |
| 856 41 - ELECTRONIC LOCATION AND ACCESS |
| Materials specified |
ClinicalKey |
| Uniform Resource Identifier |
<a href="https://www.clinicalkey.com/dura/browse/bookChapter/3-s2.0-C20090600258 ">https://www.clinicalkey.com/dura/browse/bookChapter/3-s2.0-C20090600258 </a> |
| Public note |
MMC: Clinical Key ebook collection |
| 942 ## - ADDED ENTRY ELEMENTS (KOHA) |
| Source of classification or shelving scheme |
|
| Koha item type |
Books |